Camoniana da Biblioteca Municipal de Santarém (Record no. 16456)

MARC details
000 -LEADER
campo de control de longitud fija 00716nam a2200217 i 4500
001 - NÚMERO DE CONTROL
campo de control 16456
003 - IDENTIFICADOR DE NÚMERO DE CONTROL
campo de control ES-MaACL
005 - FECHA Y HORA DE LA ÚLTIMA TRANSACCIÓN
campo de control 20250818173555.0
007 - CAMPO FIJO DE DESCRIPCIÓN FÍSICA--INFORMACIÓN GENERAL
campo de control de longitud fija t|
008 - DATOS DE LONGITUD FIJA--INFORMACIÓN GENERAL
campo de control de longitud fija 000922s1980 po ||||1| por d
080 ## - NÚMERO DE LA CLASIFICACIÓN DECIMAL UNIVERSAL
Número de la Clasificación Decimal Universal 012 Camoes, Luís de
080 ## - NÚMERO DE LA CLASIFICACIÓN DECIMAL UNIVERSAL
Número de la Clasificación Decimal Universal 016:821.134.3 Camoes, Luís de
245 00 - MENCIÓN DEL TÍTULO
Título Camoniana da Biblioteca Municipal de Santarém
Resto del título : catálogo.
260 ## - PUBLICACIÓN, DISTRIBUCIÓN, ETC.
Lugar de publicación, distribución, etc. Santarém :
Nombre del editor, distribuidor, etc. Camara Municipal, Biblioteca,
Fecha de publicación, distribución, etc. 1980.
300 ## - DESCRIPCIÓN FÍSICA
Extensión [100] p. :
Otras características físicas il. ;
Dimensiones 26 cm.
500 ## - NOTA GENERAL
Nota general Precede al tit.: Centenário de Camoes.
600 14 - PUNTO DE ACCESO ADICIONAL DE MATERIA--NOMBRE DE PERSONA
Nombre de persona Camões, Luís de,
Fechas asociadas al nombre 1524?-1580
9 (RLIN) 181622
710 2# - ENTRADA AGREGADA--NOMBRE DE ENTIDAD CORPORATIVA
Nombre de entidad corporativa o nombre de jurisdicción como elemento de entrada Santarém.
Unidad subordinada Cámara Municipal.
9 (RLIN) 6502
852 ## - LOCALIZACIÓN
Ubicación ES-MaACL
Número de control de estantería G-2203
Sublocalización o colección R.123662
Holdings
Estatus retirado Estado de pérdida Estado de daño No para préstamo Biblioteca de origen Biblioteca actual Ubicación en estantería Fecha de adquisición Fuente de adquisición Total de préstamos Signatura topográfica completa Código de barras Visto por última vez Precio de reemplazo Tipo de ítem Koha
        Biblioteca del Ateneo de Madrid Biblioteca del Ateneo de Madrid Depósito 2 17/01/2008     G-2203 1016718 23/02/2023 23/02/2023 Libro impreso